[Event "II Festival A"]
[Site "Fano ITA"]
[Date "2013.08.01"]
[Round "5"]
[White "Lantini, Marco"]
[Black "Gamberini, Davide"]
[WhiteElo "2119"]
[BlackElo "1901"]
[Result "1-0"]
[PlyCount "61"]
[EventDate "2013.07.29"]

1. d4 f5 2. Nc3 Nf6 3. Bg5 e6 4. g4 h6 5. Bxf6 Qxf6 6. gxf5 Bb4 7. e4 O-O 8.
Qd3 d5 9. e5 Qxf5 10. Qxf5 Rxf5 11. Bd3 Rf8 12. Nge2 c5 13. a3 cxd4 14. axb4
dxc3 15. bxc3 Nc6 16. f4 Bd7 17. Rf1 a6 18. Kd2 Rac8 19. Rab1 Rc7 20. Rg1 Na7
21. Rg6 Nc6 22. Rbg1 Bc8 23. Rxh6 d4 24. cxd4 Nxb4 25. Bh7+ Kf7 26. Rh3 Ke8 27.
Rhg3 Nd5 28. Rxg7 Rxg7 29. Rxg7 Nxf4 30. Be4 Nxe2 31. Kxe2 1-0

[Event "II Festival A"]
[Site "Fano ITA"]
[Date "2013.08.01"]
[Round "5"]
[White "Lavorgna, Giovanni"]
[Black "Villani, Cristian"]
[WhiteElo "2060"]
[BlackElo "2063"]
[Result "0-1"]
[PlyCount "48"]
[EventDate "2013.07.29"]

1. e4 e6 2. d4 d5 3. Nc3 Nf6 4. e5 Nfd7 5. f4 c5 6. Nf3 Nc6 7. Be3 Be7 8. Qd2
O-O 9. O-O-O Qa5 10. g3 c4 11. f5 exf5 12. Bh3 Nb6 13. Bg5 Na4 14. Bxe7 Nxe7
15. Rhf1 Nxc3 16. bxc3 f4 17. Bxc8 Qa3+ 18. Kb1 Raxc8 19. Ka1 Rc6 20. Rb1 Ra6
21. Rb2 b5 22. Ne1 b4 23. Rf3 Rc8 24. Qxf4 bxc3 0-1

[Event "II Festival A"]
[Site "Fano ITA"]
[Date "2013.08.01"]
[Round "5"]
[White "Panella, Fiammetta"]
[Black "Fathi, Hassan"]
[WhiteElo "2050"]
[BlackElo "1921"]
[Result "1/2-1/2"]
[PlyCount "42"]
[EventDate "2013.07.29"]

1. e4 d6 2. d4 Nf6 3. Nc3 Nbd7 4. Nge2 e5 5. f3 c6 6. Be3 Be7 7. Qd2 Qc7 8. g4
a6 9. Ng3 b5 10. g5 Ng8 11. Nf5 Bf8 12. O-O-O g6 13. Ng3 h5 14. f4 h4 15. Nge2
Nb6 16. Ng1 Bg4 17. Be2 Nc4 18. Qd3 Bxe2 19. Ngxe2 O-O-O 20. b3 Nxe3 21. Qxe3
Be7 1/2-1/2

[Event "II Festival A"]
[Site "Fano ITA"]
[Date "2013.08.01"]
[Round "5"]
[White "Prohaszka, Peter"]
[Black "Burmakin, Vladimir"]
[WhiteElo "2554"]
[BlackElo "2559"]
[Result "1/2-1/2"]
[PlyCount "40"]
[EventDate "2013.07.29"]

1. Nf3 d5 2. g3 c6 3. Bg2 Bf5 4. O-O e6 5. d3 Nf6 6. Nbd2 h6 7. c4 Be7 8. b3
O-O 9. Bb2 a5 10. a3 Bh7 11. Qc2 Qb6 12. cxd5 cxd5 13. Bd4 Qa6 14. Ne5 Nbd7 15.
Qb2 Nxe5 16. Bxe5 Rfc8 17. Rac1 Bg6 18. Nf3 Bh5 19. h3 Ne8 20. g4 Bg6 1/2-1/2

[Event "II Festival A"]
[Site "Fano ITA"]
[Date "2013.08.01"]
[Round "5"]
[White "Rago, Riccardo"]
[Black "Ivanisevic, Ivan"]
[WhiteElo "2084"]
[BlackElo "2649"]
[Result "0-1"]
[PlyCount "36"]
[EventDate "2013.07.29"]

1. e4 c5 2. Nf3 Nc6 3. d4 cxd4 4. Nxd4 Qc7 5. Nc3 e6 6. Ndb5 Qb8 7. a4 Nf6 8.
Bd3 a6 9. Na3 d5 10. Bg5 dxe4 11. Be2 Bb4 12. O-O Bxc3 13. bxc3 Nd5 14. Bc4 Qe5
15. Qg4 O-O 16. Rfe1 f5 17. Qh3 f4 18. Bxd5 exd5 0-1

[Event "II Festival A"]
[Site "Fano ITA"]
[Date "2013.08.01"]
[Round "5"]
[White "Rezzuti, Vincenzo"]
[Black "Petrone, Gianmario"]
[WhiteElo "1930"]
[BlackElo "1993"]
[Result "0-1"]
[PlyCount "100"]
[EventDate "2013.07.29"]

1. d4 Nf6 2. c4 g6 3. Nc3 Bg7 4. e4 d6 5. f3 O-O 6. Be3 c5 7. d5 e6 8. Nge2
exd5 9. cxd5 a6 10. Qd2 b5 11. Bh6 Nbd7 12. Bxg7 Kxg7 13. Ng3 Re8 14. h4 Qe7
15. Qg5 Qe5 16. O-O-O Qxg5+ 17. hxg5 Ng8 18. Be2 f6 19. gxf6+ Ngxf6 20. Bf1 Nb6
21. Nce2 Nc4 22. Nf4 Ne3 23. Re1 Nxf1 24. Rexf1 Bd7 25. Nge2 Rf8 26. g4 g5 27.
Nh5+ Nxh5 28. Rxh5 h6 29. Rfh1 Rf6 30. Ng3 Rxf3 31. Rxh6 Rxg3 32. Rh7+ Kf6 33.
Rxd7 Ke5 34. Re7+ Kd4 35. Rd1+ Rd3 36. Rxd3+ Kxd3 37. a4 Rf8 38. Kb1 b4 39. Ka2
Kc4 40. b3+ Kc3 41. e5 Rf2+ 42. Kb1 Rf1+ 43. Ka2 c4 44. Rc7 Rf2+ 45. Kb1 Kxb3
46. Kc1 Kc3 47. Kd1 Rd2+ 48. Ke1 Rxd5 49. exd6 Rxd6 50. Rc5 b3 0-1

[Event "II Festival A"]
[Site "Fano ITA"]
[Date "2013.08.01"]
[Round "5"]
[White "Rindlisbacher, Lars"]
[Black "Shytaj, Luca"]
[WhiteElo "2315"]
[BlackElo "2456"]
[Result "1/2-1/2"]
[PlyCount "58"]
[EventDate "2013.07.29"]

1. d4 Nf6 2. c4 e6 3. Nf3 b6 4. e3 Bb7 5. Bd3 d5 6. O-O Nbd7 7. b3 Bd6 8. Bb2
Ne4 9. Nbd2 O-O 10. Ne5 Bxe5 11. dxe5 Ndc5 12. Nxe4 dxe4 13. Bc2 Qg5 14. Qd4
Rfd8 15. Qc3 Nd3 16. Rad1 c5 17. Rd2 Rd7 18. f4 Qg6 19. g3 Rad8 20. Rg2 Qg4 21.
a3 a5 22. Bc1 Qh3 23. Bd2 g6 24. Bb1 Bc6 25. a4 h5 26. Bc2 Nb4 27. Bc1 Kg7 28.
Qa1 Nd3 29. Qc3 Kf8 1/2-1/2

[Event "II Festival A"]
[Site "Fano ITA"]
[Date "2013.08.01"]
[Round "5"]
[White "Rizzardi, Franco"]
[Black "Tonel, Giulia"]
[WhiteElo "2027"]
[BlackElo "1973"]
[Result "0-1"]
[PlyCount "34"]
[EventDate "2013.07.29"]

1. e4 d6 2. d4 Nf6 3. Bd3 e5 4. c3 d5 5. dxe5 Nxe4 6. Bxe4 dxe4 7. Qa4+ Bd7 8.
Qxe4 Bc6 9. Qg4 h5 10. Qg3 h4 11. Qg4 Nd7 12. f4 Nc5 13. Nd2 Nd3+ 14. Ke2 Bxg2
15. e6 Qd5 16. exf7+ Kxf7 17. c4 Re8+ 0-1

[Event "II Festival A"]
[Site "Fano ITA"]
[Date "2013.08.01"]
[Round "5"]
[White "Rombaldoni, Axel"]
[Black "Zakharov, Aleksej"]
[WhiteElo "2494"]
[BlackElo "2331"]
[Result "1-0"]
[PlyCount "59"]
[EventDate "2013.07.29"]

1. e4 e5 2. Bc4 Nf6 3. d3 Nc6 4. Nc3 Na5 5. Bg5 Be7 6. Nge2 h6 7. Bxf6 Bxf6 8.
Nd5 c6 9. Nxf6+ Qxf6 10. Qd2 b6 11. a4 Qg5 12. f4 exf4 13. Ba2 f3 14. gxf3
Qxd2+ 15. Kxd2 d6 16. b4 Nb7 17. b5 c5 18. Bd5 Rb8 19. f4 Be6 20. Bxb7 Rxb7 21.
f5 Bc8 22. Rhg1 O-O 23. c4 a5 24. bxa6 Ra7 25. Nf4 Kh7 26. Rg2 f6 27. a5 bxa5
28. Rxa5 Rxa6 29. Rxa6 Bxa6 30. Ke3 1-0

[Event "II Festival A"]
[Site "Fano ITA"]
[Date "2013.08.01"]
[Round "5"]
[White "Stella, Andrea"]
[Black "Banusz, Tamas"]
[WhiteElo "2447"]
[BlackElo "2588"]
[Result "1/2-1/2"]
[PlyCount "26"]
[EventDate "2013.07.29"]

1. Nf3 d5 2. g3 c6 3. c4 Nf6 4. Bg2 dxc4 5. O-O b5 6. a4 Bb7 7. d3 cxd3 8. Ne5
Qc7 9. Nxd3 e5 10. axb5 cxb5 11. Bxb7 Qxb7 12. Nxe5 Be7 13. Qb3 O-O 1/2-1/2

[Event "II Festival A"]
[Site "Fano ITA"]
[Date "2013.08.02"]
[Round "6"]
[White "Banusz, Tamas"]
[Black "Rindlisbacher, Lars"]
[WhiteElo "2588"]
[BlackElo "2315"]
[Result "1-0"]
[PlyCount "124"]
[EventDate "2013.07.29"]

1. Nf3 c5 2. c4 Nc6 3. Nc3 e5 4. g3 g6 5. Bg2 Bg7 6. O-O Nge7 7. a3 a5 8. d3 d6
9. Rb1 O-O 10. Bd2 h6 11. Ne1 Be6 12. Nc2 d5 13. cxd5 Nxd5 14. Ne3 Nde7 15. Na4
b6 16. b4 cxb4 17. axb4 axb4 18. Bxb4 Rb8 19. Bxc6 Nxc6 20. Bxf8 Bxf8 21. Nc3
Nd4 22. Nb5 Qd7 23. Nxd4 exd4 24. Nc4 b5 25. Nd2 h5 26. Nf3 b4 27. Qd2 b3 28.
Qf4 Rb4 29. Rb2 Ra4 30. Rfb1 Rb4 31. Ne5 Qb7 32. Nc4 Kh7 33. Nd6 Qd5 34. Ne4
Kg7 35. Qf6+ Kg8 36. Qg5 Qxg5 37. Nxg5 Bd5 38. Nf3 Ra4 39. Rxb3 Bxb3 40. Rxb3
Be7 41. Rb7 Bf6 42. Nd2 Kf8 43. h4 Be7 44. Nc4 Ra6 45. Rd7 Bf6 46. Kg2 Ke8 47.
Rb7 Re6 48. Kf3 Be7 49. e4 dxe3 50. fxe3 g5 51. hxg5 Bxg5 52. Rb5 f6 53. Rb7 h4
54. gxh4 Bxh4 55. Kg4 Bg5 56. Kf5 Rc6 57. e4 Bh4 58. Rh7 Bf2 59. Rh6 Rc5+ 60.
Ke6 Kd8 61. Rxf6 Bd4 62. Rf7 Rh5 1-0

[Event "II Festival A"]
[Site "Fano ITA"]
[Date "2013.08.02"]
[Round "6"]
[White "Bonagura, Stefano"]
[Black "Simonetto, Adriano"]
[WhiteElo "2165"]
[BlackElo "2026"]
[Result "1/2-1/2"]
[PlyCount "87"]
[EventDate "2013.07.29"]

1. c4 e6 2. g3 d5 3. Bg2 Nf6 4. Nf3 dxc4 5. Na3 Bxa3 6. bxa3 Nbd7 7. a4 O-O 8.
Ba3 Re8 9. Rc1 e5 10. Rxc4 e4 11. Ng5 Ne5 12. Rc1 h6 13. Nxe4 Nd3+ 14. exd3
Qxd3 15. Qc2 Qxa3 16. O-O Nxe4 17. Bxe4 c6 18. Rb1 Bh3 19. Rfe1 Re7 20. Re3 Qd6
21. Reb3 Rae8 22. Re3 Qd4 23. Rbe1 Re5 24. a5 a6 25. a3 R8e6 26. Qb1 Kh8 27.
Bd3 Qd5 28. Bf1 Bxf1 29. Rxf1 Rxe3 30. dxe3 Qxa5 31. Qxb7 Kg8 32. Qb2 Kh7 33.
Qb7 Qxa3 34. Qxf7 Rf6 35. Qc4 a5 36. Qe4+ Kg8 37. Rd1 Qf8 38. f4 Rd6 39. Qc4+
Kh8 40. Ra1 Qd8 41. Qa4 Qb6 42. Qe4 Qd8 43. Qa4 Qb6 44. Qe4 1/2-1/2

[Event "II Festival A"]
[Site "Fano ITA"]
[Date "2013.08.02"]
[Round "6"]
[White "Burmakin, Vladimir"]
[Black "Stella, Andrea"]
[WhiteElo "2559"]
[BlackElo "2447"]
[Result "1/2-1/2"]
[PlyCount "25"]
[EventDate "2013.07.29"]

1. d4 Nf6 2. Nf3 g6 3. Bf4 Bg7 4. e3 O-O 5. Be2 d6 6. h3 c5 7. c3 b6 8. O-O Bb7
9. a4 a6 10. Qb3 Nbd7 11. Bh2 Qc7 12. Nbd2 cxd4 13. exd4 1/2-1/2

[Event "II Festival A"]
[Site "Fano ITA"]
[Date "2013.08.02"]
[Round "6"]
[White "Caprio, Guido"]
[Black "Rombaldoni, Axel"]
[WhiteElo "2415"]
[BlackElo "2494"]
[Result "0-1"]
[PlyCount "138"]
[EventDate "2013.07.29"]

1. d4 Nf6 2. c4 g6 3. Nc3 d5 4. cxd5 Nxd5 5. e4 Nxc3 6. bxc3 Bg7 7. Nf3 c5 8.
Be3 cxd4 9. cxd4 Qa5+ 10. Bd2 Qa3 11. Qc1 Qxc1+ 12. Rxc1 O-O 13. Bb5 a6 14. Ba4
Bg4 15. d5 b5 16. Bb3 Nd7 17. h3 Bxf3 18. gxf3 Rfc8 19. Ke2 Bb2 20. Rxc8+ Rxc8
21. Bb4 Kf8 22. Rb1 Be5 23. a4 a5 24. Bxa5 Ra8 25. Bd2 bxa4 26. Ba2 Bd6 27. f4
f6 28. Rc1 Rb8 29. Rc2 Ba3 30. Be3 Kg7 31. f3 Bd6 32. Bc1 h6 33. h4 Rb7 34. Be3
Rc7 35. Rxc7 Bxc7 36. Kd3 h5 37. Kc4 Bb6 38. Bxb6 Nxb6+ 39. Kd4 Nd7 40. e5 Kf8
41. e6 Nb6 42. f5 gxf5 43. Kc5 Nc8 44. Kb4 f4 45. Kxa4 Nd6 46. Bb1 Nc4 47. Bg6
Nb6+ 48. Kb3 Nxd5 49. Bxh5 Kg7 50. Be8 Ne3 51. Kc3 Nf5 52. Kd3 Nd6 53. Bh5 Kh6
54. Bg4 f5 55. Bh3 Kh5 56. Bf1 Kxh4 57. Kd4 Kg3 58. Be2 Kf2 59. Bd1 Nb5+ 60.
Kc4 Nd6+ 61. Kd4 Kg3 62. Be2 Kg2 63. Bd1 Kf2 64. Kd3 Ne8 65. Kd4 Ng7 66. Ke5
Ke3 67. Kd5 Kd2 68. Ba4 Ke2 69. Ke5 Kxf3 0-1

[Event "II Festival A"]
[Site "Fano ITA"]
[Date "2013.08.02"]
[Round "6"]
[White "Cardarelli, Angelo"]
[Black "Gambardella, Piero"]
[WhiteElo "1980"]
[BlackElo "1992"]
[Result "0-1"]
[PlyCount "88"]
[EventDate "2013.07.29"]

1. e4 e5 2. Nf3 Nc6 3. Bb5 f5 4. d3 Nf6 5. Qe2 Bc5 6. a3 O-O 7. b4 Bb6 8. Bb2
fxe4 9. dxe4 Nxe4 10. Qxe4 d5 11. Qe2 e4 12. Bxc6 bxc6 13. Nd4 Qg5 14. Nd2 Qxg2
15. O-O-O Bg4 16. Rdg1 Qxg1+ 17. Rxg1 Bxe2 18. Nxe2 Rf7 19. Nd4 g6 20. h4 Rxf2
21. h5 Kf7 22. hxg6+ hxg6 23. Nxc6 Re8 24. Ne5+ Rxe5 25. Bxe5 Rxd2 26. Kxd2
Bxg1 27. Bxc7 Ke6 28. a4 Kd7 29. Bf4 Kc6 30. c3 a6 31. Bg5 Bb6 32. Bf4 Bd8 33.
Be3 Bf6 34. Bd4 Be7 35. Ke3 g5 36. Bg7 Bd6 37. Bh6 Be5 38. Kd2 g4 39. Be3 g3
40. Bg1 g2 41. Kc2 Bf4 42. Kd1 Be5 43. Kd2 Bf6 44. Be3 Bg5 0-1

[Event "II Festival A"]
[Site "Fano ITA"]
[Date "2013.08.02"]
[Round "6"]
[White "Chierici, Marianna"]
[Black "Klimentov, Evgeny"]
[WhiteElo "2076"]
[BlackElo "2006"]
[Result "0-1"]
[PlyCount "82"]
[EventDate "2013.07.29"]

1. d4 Nf6 2. Nf3 g6 3. Nbd2 Bg7 4. e4 d6 5. b4 a5 6. b5 O-O 7. Bb2 Nbd7 8. Be2
c5 9. c3 Nh5 10. g3 a4 11. Rb1 Nb6 12. dxc5 dxc5 13. Ng5 Nf6 14. f4 h6 15. Ngf3
Be6 16. c4 Bh3 17. e5 Ng4 18. Qc2 Bg2 19. Nh4 Bh3 20. Qe4 Qd7 21. Ndf3 h5 22.
Ng5 Nh6 23. Nxh3 Qxh3 24. Qxb7 Rab8 25. Qxe7 Nf5 26. Nxf5 Qxf5 27. Kf2 Rfe8 28.
Qd6 Red8 29. Qxc5 Bf8 30. Qc6 Rbc8 31. Qf3 Nxc4 32. Rhe1 Nd2 33. g4 Qc2 34.
Rec1 Nxf3 35. Rxc2 Rxc2 36. Kxf3 Rdd2 37. Bc1 Rxe2 38. b6 Rxc1 39. Rxc1 Rb2 40.
Rc4 hxg4+ 41. Kxg4 a3 0-1

[Event "II Festival A"]
[Site "Fano ITA"]
[Date "2013.08.02"]
[Round "6"]
[White "Coppola, Federico"]
[Black "Rizzardi, Franco"]
[WhiteElo "1957"]
[BlackElo "2027"]
[Result "1/2-1/2"]
[PlyCount "73"]
[EventDate "2013.07.29"]

1. e4 e6 2. Nf3 d5 3. Nc3 c5 4. d4 c4 5. g3 Bb4 6. exd5 exd5 7. Bg2 Ne7 8. O-O
O-O 9. Bd2 Nbc6 10. Ne2 Bf5 11. Nh4 Bg4 12. f3 Bc8 13. Bxb4 Nxb4 14. Qd2 a5 15.
f4 Re8 16. f5 f6 17. Nc3 Qd6 18. Rae1 Bd7 19. a3 Na6 20. g4 Nc7 21. Qf4 Qxf4
22. Rxf4 Bc6 23. Rf2 b5 24. Rfe2 Kf8 25. Na2 Ng8 26. Bf3 Nh6 27. Ng2 Nf7 28. h4
Rxe2 29. Rxe2 Re8 30. Kf2 Nd6 31. Rxe8+ Kxe8 32. Ke3 Ke7 33. Nf4 Nc8 34. Nc3
Nb6 35. Nce2 b4 36. axb4 axb4 37. b3 1/2-1/2

[Event "II Festival A"]
[Site "Fano ITA"]
[Date "2013.08.02"]
[Round "6"]
[White "Di Primio, Eugenia"]
[Black "Drazic, Sinisa"]
[WhiteElo "1943"]
[BlackElo "2464"]
[Result "0-1"]
[PlyCount "82"]
[EventDate "2013.07.29"]

1. e4 Nf6 2. e5 Nd5 3. d4 d6 4. c4 Nb6 5. exd6 cxd6 6. Nc3 g6 7. Be3 Bg7 8. Nf3
O-O 9. Be2 Bg4 10. b3 Nc6 11. Qd2 d5 12. c5 Nc8 13. h3 Bxf3 14. Bxf3 e6 15. O-O
N8e7 16. Rad1 Nf5 17. Ne2 Nh4 18. Bg4 h5 19. Bg5 Bf6 20. Bxh4 Bxh4 21. Bf3 b6
22. b4 Bg5 23. Qb2 bxc5 24. b5 Nxd4 25. Nxd4 cxd4 26. Qxd4 Qb6 27. h4 Bh6 28.
Be2 Rac8 29. Qb2 Rc7 30. Bd3 Rfc8 31. g3 Bg7 32. Qd2 Rc3 33. Kg2 Qd4 34. Qe2
Qf6 35. Rd2 Ra3 36. Rc2 Rxc2 37. Qxc2 Qc3 38. Qxc3 Bxc3 39. Rc1 Bd4 40. Rc8+
Kg7 41. Bb1 Ra5 0-1

[Event "II Festival A"]
[Site "Fano ITA"]
[Date "2013.08.02"]
[Round "6"]
[White "Difronzo, Andrea"]
[Black "Lantini, Marco"]
[WhiteElo "1943"]
[BlackElo "2119"]
[Result "1/2-1/2"]
[PlyCount "79"]
[EventDate "2013.07.29"]

1. e4 e5 2. Nf3 Nc6 3. d4 exd4 4. Bc4 Nf6 5. e5 d5 6. Bb5 Nd7 7. O-O Be7 8. Re1
O-O 9. Bxc6 bxc6 10. Nxd4 Nb8 11. h3 c5 12. Nf3 c6 13. c3 Bf5 14. Be3 Re8 15.
Qa4 Bg6 16. Nbd2 Qc7 17. b4 Nd7 18. Nb3 Be4 19. Bf4 Nb6 20. Qa5 Bxf3 21. gxf3
cxb4 22. cxb4 Qd7 23. Kg2 Nc4 24. Qa4 Nb2 25. Qa6 Bxb4 26. Re2 Nc4 27. Rd1 Rad8
28. Nd4 c5 29. e6 fxe6 30. Nxe6 Rc8 31. Qxc4 Qxe6 32. Qxd5 Qxd5 33. Rxe8+ Rxe8
34. Rxd5 Re2 35. Be3 c4 36. Rd8+ Kf7 37. Rd7+ Kg6 38. Rxa7 c3 39. a3 Bc5 40.
Bxc5 1/2-1/2

[Event "II Festival A"]
[Site "Fano ITA"]
[Date "2013.08.02"]
[Round "6"]
[White "Fathi, Hassan"]
[Black "Angelini, Marco"]
[WhiteElo "1921"]
[BlackElo "2265"]
[Result "0-1"]
[PlyCount "100"]
[EventDate "2013.07.29"]

1. Nf3 Nf6 2. d3 c5 3. c3 g6 4. e4 d6 5. Be2 Bg7 6. O-O O-O 7. Nbd2 Nc6 8. Re1
b5 9. Qc2 Bb7 10. Nf1 b4 11. Bd2 Qd7 12. Rab1 a5 13. Ne3 e6 14. Bf1 Qc7 15. g3
Rac8 16. Bh3 Nd7 17. Rec1 Nde5 18. Nxe5 Nxe5 19. Bg2 Ba6 20. c4 Nc6 21. Qd1 Bb7
22. Nc2 a4 23. Ne1 Ra8 24. Nf3 f5 25. exf5 gxf5 26. Ng5 Nd4 27. Nf3 Nc6 28. Ng5
Qe7 29. Qh5 h6 30. Nh3 Qf7 31. Qxf7+ Rxf7 32. Re1 Nd4 33. Bxb7 Rxb7 34. Kg2 Kf7
35. Ng1 Re7 36. Nf3 Nxf3 37. Kxf3 b3 38. a3 Rae8 39. Rec1 e5 40. Bc3 e4+ 41.
dxe4 Rxe4 42. Bxg7 Kxg7 43. Rc3 Rd4 44. h3 Ree4 45. Rbc1 Kf6 46. Re3 Rxc4 47.
Rxc4 Rxc4 48. Re8 Rc2 49. Ra8 Rxb2 50. Rxa4 Rc2 0-1

[Event "II Festival A"]
[Site "Fano ITA"]
[Date "2013.08.02"]
[Round "6"]
[White "Gamberini, Davide"]
[Black "Lavorgna, Giovanni"]
[WhiteElo "1901"]
[BlackElo "2060"]
[Result "1/2-1/2"]
[PlyCount "84"]
[EventDate "2013.07.29"]

1. e4 c5 2. c3 Nf6 3. e5 Nd5 4. d4 d6 5. c4 Nb6 6. dxc5 dxc5 7. Qxd8+ Kxd8 8.
Be3 Nc6 9. Nf3 Bg4 10. Nbd2 e6 11. h3 Bh5 12. g4 Bg6 13. Bg2 Be7 14. a3 Kc7 15.
O-O Rad8 16. Rac1 Nd7 17. Bf4 Ndb8 18. Ng5 Nd4 19. Rfe1 Nbc6 20. Nge4 Kc8 21.
Nd6+ Bxd6 22. exd6 f6 23. Ne4 b6 24. Rcd1 e5 25. Bg3 Bxe4 26. Bxe4 Rxd6 27. Kf1
h6 28. f4 Re8 29. Bxc6 Rxc6 30. fxe5 fxe5 31. Rxe5 Rf6+ 32. Kg2 Ref8 33. Re7
Rf3 34. Rc7+ Kd8 35. Rxa7 R8f6 36. Rxg7 Ke8 37. Bh4 R6f4 38. Bg3 Re4 39. Rxd4
Rxg3+ 40. Kxg3 cxd4 41. Rg6 Re7 42. Kf3 d3 1/2-1/2

[Event "II Festival A"]
[Site "Fano ITA"]
[Date "2013.08.02"]
[Round "6"]
[White "Ivanisevic, Ivan"]
[Black "Ambartsumova, Karina"]
[WhiteElo "2649"]
[BlackElo "2306"]
[Result "1-0"]
[PlyCount "55"]
[EventDate "2013.07.29"]

1. e4 e5 2. Nf3 Nc6 3. Nc3 Nf6 4. Bb5 Bb4 5. O-O O-O 6. d3 d6 7. Bg5 Bxc3 8.
bxc3 Bd7 9. d4 a6 10. Bd3 h6 11. Bh4 Qe7 12. Rb1 b6 13. h3 g5 14. Nxg5 hxg5 15.
Bxg5 exd4 16. f4 Qe6 17. e5 dxe5 18. fxe5 Ne4 19. Bxe4 Qxe5 20. Bf6 Qxe4 21.
Qh5 Qh7 22. Qg5+ Qg6 23. Qh4 Qh7 24. Rf4 Ne5 25. Qg3+ Ng4 26. hxg4 Qxc2 27. Rf5
Qxb1+ 28. Kh2 1-0

[Event "II Festival A"]
[Site "Fano ITA"]
[Date "2013.08.02"]
[Round "6"]
[White "Klimentov, Roman"]
[Black "Der Manuelian, Haik O."]
[WhiteElo "2219"]
[BlackElo "2007"]
[Result "1/2-1/2"]
[PlyCount "83"]
[EventDate "2013.07.29"]

1. e4 c5 2. Nf3 Nc6 3. Bb5 g6 4. Bxc6 dxc6 5. d3 Bg7 6. Nc3 Bg4 7. h3 Bxf3 8.
Qxf3 Nf6 9. O-O Nd7 10. Qg3 Nf8 11. f4 Ne6 12. f5 Nd4 13. Rf2 Qb6 14. Nd1 c4
15. Be3 Qa5 16. Bd2 Qa6 17. Bc3 cxd3 18. Qxd3 Qxd3 19. cxd3 O-O 20. Ne3 Nb5 21.
Bxg7 Kxg7 22. fxg6 hxg6 23. Rd1 Rad8 24. Nc2 e5 25. Kf1 Nd4 26. Nxd4 Rxd4 27.
Ke2 Rfd8 28. Ke3 R8d7 29. g4 g5 30. Rfd2 Rd8 31. Rf1 f6 32. b3 a5 33. Rh1 a4
34. h4 gxh4 35. Rxh4 axb3 36. axb3 Rh8 37. Rxh8 Kxh8 38. g5 fxg5 39. Rg2 Kg7
40. Rxg5+ Kf6 41. Rf5+ Ke6 42. Kd2 1/2-1/2

[Event "II Festival A"]
[Site "Fano ITA"]
[Date "2013.08.02"]
[Round "6"]
[White "Persson, Andreas"]
[Black "Bonafede, Alessandro"]
[WhiteElo "2167"]
[BlackElo "2380"]
[Result "1/2-1/2"]
[PlyCount "73"]
[EventDate "2013.07.29"]

1. e4 c5 2. Nc3 a6 3. g3 Nc6 4. Bg2 g6 5. d3 Bg7 6. Be3 d6 7. Nge2 e6 8. O-O
Qc7 9. Qd2 b5 10. d4 Na5 11. dxc5 Nc4 12. cxd6 Nxd2 13. dxc7 Nxf1 14. Kxf1 Bb7
15. Rd1 Nf6 16. Bb6 Nd7 17. Ba5 Bf8 18. e5 Bxg2+ 19. Kxg2 Be7 20. f4 Nc5 21.
Nd4 Nb7 22. Bb6 Kd7 23. Ne4 b4 24. Kf3 a5 25. Nf5+ Kc6 26. Nxe7+ Kxb6 27. c8=Q
Raxc8 28. Nxc8+ Rxc8 29. Rd2 Rc7 30. Ke2 a4 31. Kd1 Na5 32. Rd8 Nc4 33. Rb8+
Ka5 34. Ra8+ Kb6 35. Rb8+ Ka5 36. Ra8+ Kb6 37. Rb8+ 1/2-1/2

[Event "II Festival A"]
[Site "Fano ITA"]
[Date "2013.08.02"]
[Round "6"]
[White "Petrone, Gianmario"]
[Black "Panella, Fiammetta"]
[WhiteElo "1993"]
[BlackElo "2050"]
[Result "1/2-1/2"]
[PlyCount "32"]
[EventDate "2013.07.29"]

1. e4 c5 2. Nf3 e6 3. c3 Nf6 4. e5 Nd5 5. d4 cxd4 6. cxd4 d6 7. Bc4 Nb6 8. Bb3
Nc6 9. O-O Be7 10. Nc3 O-O 11. a3 a6 12. Bf4 dxe5 13. dxe5 Na5 14. Ba2 Qxd1 15.
Rfxd1 Nac4 16. Rab1 Rd8 1/2-1/2

[Event "II Festival A"]
[Site "Fano ITA"]
[Date "2013.08.02"]
[Round "6"]
[White "Rebeggiani, Andrea"]
[Black "Rago, Riccardo"]
[WhiteElo "1910"]
[BlackElo "2084"]
[Result "1-0"]
[PlyCount "91"]
[EventDate "2013.07.29"]

1. e4 c5 2. Nc3 e5 3. Bc4 d6 4. d3 Nf6 5. f4 exf4 6. Bxf4 Be7 7. Nf3 Nc6 8. O-O
O-O 9. Qd2 Be6 10. Rae1 d5 11. exd5 Nxd5 12. Nxd5 Bxd5 13. Bxd5 Qxd5 14. Ne5
Nd4 15. Nc4 Bf6 16. Be5 Bxe5 17. Rxe5 Qd7 18. Rfe1 Ne6 19. Qf2 Rad8 20. Ne3 Qd4
21. Nc4 g6 22. R5e4 Qxf2+ 23. Kxf2 Nd4 24. Na3 Nc6 25. Ke3 f5 26. Re6 Rd7 27.
Kd2 Kf7 28. Nc4 Rc7 29. Nd6+ Kg8 30. Ne8 Rcf7 31. Nd6 Rd7 32. Nxb7 Rxb7 33.
Rxc6 Rxb2 34. Rxc5 Rxa2 35. Re7 Rf7 36. Rxf7 Kxf7 37. Rc7+ Kf6 38. Rxh7 Ra1 39.
g3 g5 40. c4 f4 41. gxf4 gxf4 42. Rh8 Kg7 43. Rh4 Ra2+ 44. Ke1 Kg6 45. Rxf4
Rxh2 46. Rf2 1-0

[Event "II Festival A"]
[Site "Fano ITA"]
[Date "2013.08.02"]
[Round "6"]
[White "Rossi, Aldo A."]
[Black "Gromovs, Sergejs"]
[WhiteElo "2260"]
[BlackElo "2202"]
[Result "1-0"]
[PlyCount "55"]
[EventDate "2013.07.29"]

1. e4 e6 2. b3 d5 3. Bb2 dxe4 4. Nc3 Nf6 5. Qe2 Bb4 6. O-O-O Bxc3 7. dxc3 Qe7
8. g4 O-O 9. h4 a5 10. g5 Nfd7 11. Qxe4 a4 12. c4 axb3 13. axb3 Nc6 14. Nf3 e5
15. Bh3 Nc5 16. Qe3 Bxh3 17. Rxh3 Rfe8 18. Rdh1 f6 19. gxf6 gxf6 20. Rg1+ Kh8
21. h5 Ra2 22. Nh4 Rea8 23. Qh6 Ra1+ 24. Kd2 Ne4+ 25. Ke2 Nd4+ 26. Bxd4 Ng3+
27. Rgxg3 exd4+ 28. Kf3 1-0

[Event "II Festival A"]
[Site "Fano ITA"]
[Date "2013.08.02"]
[Round "6"]
[White "Shytaj, Luca"]
[Black "Costantini, Roberto"]
[WhiteElo "2456"]
[BlackElo "2290"]
[Result "1/2-1/2"]
[PlyCount "61"]
[EventDate "2013.07.29"]

1. e4 c5 2. Nf3 d6 3. d4 cxd4 4. Nxd4 Nf6 5. Nc3 a6 6. Be2 e5 7. Nb3 Be7 8. Bg5
Be6 9. Bxf6 Bxf6 10. Qd3 Nc6 11. O-O-O Be7 12. Kb1 Rc8 13. Nd5 Bg5 14. c3 Ne7
15. h4 Bh6 16. g4 Bxd5 17. exd5 Bf4 18. c4 O-O 19. Qe4 Qb6 20. c5 dxc5 21. d6
Nc6 22. d7 Rcd8 23. Bd3 g6 24. Qd5 Qc7 25. Be4 Nd4 26. Nxc5 b6 27. Nxa6 Qa7 28.
Nb4 Rxd7 29. Qc4 b5 30. Qc3 Rfd8 31. Nd3 1/2-1/2

[Event "II Festival A"]
[Site "Fano ITA"]
[Date "2013.08.02"]
[Round "6"]
[White "Solodovnichenko, Yuri"]
[Black "Prohaszka, Peter"]
[WhiteElo "2555"]
[BlackElo "2554"]
[Result "1/2-1/2"]
[PlyCount "61"]
[EventDate "2013.07.29"]

1. e4 c6 2. d4 d5 3. exd5 cxd5 4. c4 Nf6 5. Nc3 Nc6 6. Bg5 e6 7. c5 Be7 8. Bb5
O-O 9. Nf3 Ne4 10. Bxe7 Nxe7 11. Rc1 b6 12. c6 Qd6 13. O-O a6 14. Bd3 Nxc6 15.
Nxe4 dxe4 16. Bxe4 Bb7 17. d5 exd5 18. Qxd5 Rad8 19. Qxd6 Rxd6 20. Ne5 Nd8 21.
Bxb7 Nxb7 22. Rc7 Nc5 23. Nc4 Re6 24. Rd1 h6 25. g3 Rfe8 26. Ne3 Ne4 27. Rdd7
Rf6 28. Ng4 Rg6 29. Ne3 Rf6 30. Ng4 Rg6 31. Ne3 1/2-1/2

[Event "II Festival A"]
[Site "Fano ITA"]
[Date "2013.08.02"]
[Round "6"]
[White "Tonel, Giulia"]
[Black "Csonkics, Tunde"]
[WhiteElo "1973"]
[BlackElo "2205"]
[Result "0-1"]
[PlyCount "66"]
[EventDate "2013.07.29"]

1. d4 c5 2. d5 e5 3. c4 d6 4. Nc3 Nf6 5. g3 Be7 6. Bg2 Nbd7 7. Nf3 Nf8 8. Qc2
Ng6 9. a3 O-O 10. Nd2 Ne8 11. h4 f5 12. Bh3 e4 13. Nf1 Bf6 14. h5 Ne5 15. Ne3
Bg5 16. Ncd1 Qf6 17. Ng2 Bxc1 18. Rxc1 Nc7 19. Nde3 Bd7 20. Qd2 b6 21. Nf4 Rae8
22. b4 g5 23. hxg6 hxg6 24. Rb1 g5 25. Nh5 Qg6 26. Bg2 f4 27. bxc5 fxe3 28.
Qxe3 Ng4 29. Qc3 e3 30. Rb2 exf2+ 31. Kd1 Ne3+ 32. Kc1 Nxg2 33. Nf4 Qh7 0-1